Southville International School and Colleges
Your cart is empty.
  • Cart
  • Lists
    Public lists list_1 View all
    Your lists Log in to create your own lists
  • Log in to your account
  • Your cookies
  • Search history
Southville International School and Colleges
  • Advanced search
  • Recent comments
  • Most popular
  • Libraries

Log in to your account

Log in with GOOGLE


If you do not have an external account, but do have a local account, you can still log in:

  1. Home
  2. MARC view: Advanced accounting /
Normal view MARC view ISBD view

Advanced accounting / (Record no. 288943)

[ view plain ]
MARC details
000 -LEADER
fixed length control field 00544nam a22001817a 4500
003 - CONTROL NUMBER IDENTIFIER
control field PILC
005 - DATE AND TIME OF LATEST TRANSACTION
control field 20151105163256.0
008 - FIXED-LENGTH DATA ELEMENTS--GENERAL INFORMATION
fixed length control field 151105b xxu||||| |||| 00| 0 eng d
020 ## - INTERNATIONAL STANDARD BOOK NUMBER
International Standard Book Number 9789719802808
050 ## - LIBRARY OF CONGRESS CALL NUMBER
Classification number HF 5681
Item number .B35 2015
100 ## - MAIN ENTRY--PERSONAL NAME
Personal name Balocating, R.D.
245 ## - TITLE STATEMENT
Title Advanced accounting /
Statement of responsibility, etc R.D. Balocating.
260 ## - PUBLICATION, DISTRIBUTION, ETC. (IMPRINT)
Place of publication, distribution, etc Quezon City :
Name of publisher, distributor, etc C & E Publishing,
Date of publication, distribution, etc 2015.
300 ## - PHYSICAL DESCRIPTION
Extent xii, 335 pages :
Other physical details illustrations ;
Dimensions 26 cm.
500 ## - GENERAL NOTE
General note Includes bibliographical references and index.
650 ## - SUBJECT ADDED ENTRY--TOPICAL TERM
Topical term or geographic name as entry element Accounting.
942 ## - ADDED ENTRY ELEMENTS (KOHA)
Source of classification or shelving scheme Library of Congress Classification
Koha item type Books
Call number prefix Filipininana
Holdings
Withdrawn status Lost status Source of classification or shelving scheme Materials specified (bound volume or other part) Damaged status Home library Current library Shelving location Date acquired Source of acquisition Total Checkouts Total Renewals Full call number Barcode Date last seen Date checked out Price effective from Koha item type
    Library of Congress Classification vol.1   College Library College Library Filipiniana Section 11/05/2015 Library Fund 4 69 HF 5681 .B35 2015 vol.1 C20272 05/11/2019 01/07/2019 11/05/2015 Books
    Library of Congress Classification     College Library College Library General Circulation Section 03/15/2025 Donation     HF 5681 .B35 2015 C12648 03/15/2025   03/15/2025 Books

Advanced accounting /

APA

Balocating R., . (2015). Advanced accounting. Quezon City: C & E Publishing.

Chicago

Balocating R.D, . 2015. Advanced accounting. Quezon City: C & E Publishing.

Harvard

Balocating R., . (2015). Advanced accounting. Quezon City: C & E Publishing.

MLA

Balocating R.D, . Advanced accounting. Quezon City: C & E Publishing. 2015.

  • Place hold
  • Print
  • Cite
  • Add to your cart (remove)
  • Save record
    BIBTEX Dublin Core MARCXML MARC (non-Unicode/MARC-8) MARC (Unicode/UTF-8) MARC (Unicode/UTF-8, Standard) MODS (XML) RIS
  • More searches
    Search for this title in:
    Other Libraries (WorldCat) Other Databases (Google Scholar) Online Stores (Bookfinder.com) Open Library (openlibrary.org)

Exporting to Dublin Core...

SOUTHVILLE LIBRARY

Southville International School and Colleges Library

1281 Tropical Ave. Cor. Luxembourg St., BF Homes International, Las Pinas City

Tel. No. 8256374 / 252358 Loc. 117/146

Powered by Koha